000 00503nam a22001817a 4500
005 20251108165421.0
008 250721s1990 xx 000 0 ara d
082 1 4 _a947.085/شفي
100 1 _aمقار، شفيق
245 1 0 _aظاهرة غورباتشوف /
264 1 _aلندن :
_bرياض الريس للكتاب و النشر،
_c1990.
300 _a458ص
650 1 7 _aتاريخ روسيا
650 1 7 _aروسيا
650 1 7 _aالشيوعية
942 _2ddc
_cBK
999 _c27431
_d27431